00000000cam 2200000za 4500
0019.837801
003CaOODSP
00520260317134519
007cr |||||||||||
008170606s2017    quca    ob   f000 0 eng d
040 |aCaOODSP|beng
043 |an-cn---
0861 |aP29-0012-008-2017E-PDF
24500|aInsulating glass units |h[electronic resource].
250 |a[May 2017 edition].
260 |aGatineau : |bCanadian General Standards Board : |bStandards Council of Canada, |c2017.
300 |ai, 22 p. : |bill.
4901 |aNational standard of Canada ; |vno. 12.8-2017
500 |a"May 2017."
500 |a"Experience and excellence"--Cover.
500 |aSupersedes CAN/CGSB-12.8-97.
500 |aIssued also in French under title: Vitrages isolants.
504 |aIncludes bibliographical references.
520 |a"This standard applies to sealed insulating glass (IG) units used in windows, doors and curtain walls in building envelopes. It includes requirements for the testing of samples for the integrity and durability of the unit’s hermetic seal and if applicable, gas concentration"--Scope.
69207|2gccst|aGlass industry
69207|2gccst|aInsulation
69207|2gccst|aStandards
7102 |aStandards Council of Canada.
7102 |aCanadian General Standards Board.
77508|tVitrages isolants |w(CaOODSP)9.837803
794 |tInsulating glass units.|b[January 2022 edition]|w(CaOODSP)9.906665
830#0|aNational standard of Canada ;|vno. 12.8-2017.|w(CaOODSP)9.507848
85640|qPDF|s1.99 MB|uhttps://publications.gc.ca/collections/collection_2017/ongc-cgsb/P29-0012-008-2017-eng.pdf
986 |aICS 81.040.20